Регионална библиотека "Любен Каравелов" - Русе

Професионални увреждания на ръката на текстилката (Запис номер 463631)

MARC детайли
000 -Лидер
Контролно поле с фиксирана дължина 01420nam a2200325 c 4500
003 - Код на организацията, давaща контролен номер
Контролно поле BLK
005 - Дата и час на последна редакция
Контролно поле 20220627143536.0
008 - Елементи от данни с фиксирана дължина
fixed length control field 180409b bul|||||r ||||||| ||bul||
040 ## - Източник на каталожния запис
Идентификатор на билиотеката - собственик на записа BLK
041 ## - Код за език
Код за езика на текст/звукозапис или на отделно заглавие Български
Код за езика КДБФ Български
080 ## - УДК
Текстов определител УДК Болести на опорно-двигателния апарат. Вж и 617.3
УДК код - определител по УДК 616.7
УДК - код + определител 616.7
080 ## - УДК
Текстов определител УДК Професионални болести. Общи въпроси
УДК код - определител по УДК 613.62
УДК - код + определител 613.62
100 ## - Редна дума - Автор
Автор Чернинков, Здравко Петров
Авторска отговорност първи автор
R(LIN) 477067
139 ## - Редно поле
Редна дума Чернинков, Здравко Петров
245 10 - Сведения за заглавието
Заглавие Професионални увреждания на ръката на текстилката
Редно поле (дума) Здравко Чернинков
257 ## - Страна на издаване
Страна на създаване/издаване България
260 ## - Област на издателските данни
Име на издателя, разпространителя и проч. Профиздат
Година на издаване 1971
Място на издаване, разпространение и проч. София
300 ## - Физическа характеристика
Страници 40 с.
Размери/Мащаб 20 см
380 ## - Жанр
Жанр Медицина
500 ## - Общи забележки
Забележка Библиогр. с. 38-39.
650 #4 - Допълнително описание по предмет – тема
Основно описание – тема или топоним Професионални болести
9 (RLIN) 271600
650 #0 - Допълнително описание по предмет – тема
Основно описание – тема или топоним Текстилна промишленост
9 (RLIN) 289662
653 ## - Ключова дума – ненормативна
Ключова дума професионални заболявания
653 #7 - Ключова дума – ненормативна
Ключова дума крайници
9 (RLIN) 189314
852 ## - Местоположение
Форматна сигнатура Цб 60580
856 4# - Електронен адрес и достъп
Електронен формат pdf - файл
856 4# - Електронен адрес и достъп
Електронен формат pdf - файл
999 ## - СИСТЕМНИ КОНТРОЛНИ НОМЕРА
Koha biblionumber 463631
Koha biblioitemnumber 463631
942 ## - АРТИКУЛИ
Вид на библиотечния материал Книги
Скрит в OPAC Не
Периодичен библиозапис Да
944 ## - СЪЗДАВАНЕ И РЕДАКЦИЯ на ЗАПИСА
Създаване/Редакция Създаване
Дата на регистрацията/редакция 2022-06-27
Служител, извършил регистрацията/редакцията нр
Наличности
Код за отписване Код за изгубен артикул Източник на класификационната схема Код за повреда Коз за рестрикции Код за отдаване Артикулен № Име на библиотеката - собственик Име на библиотеката, в която се намира в момента Статус (Текущо местоположение) Дата на вписване в системата Местоположение - отдел Цена в лева Инвентарен номер Систематично азбучна сигнатура Баркод Цена в евро Служебен тип на артикула
  Не е изгубен Universal Decimal Classification Не е повреден само за читалня ползва се в читалня 892831 Регионална библиотека "Любен Каравелов" Русе Регионална библиотека "Любен Каравелов" Русе Хранилище 2022-06-29 Хранилище 0.00 103466 Цб 60580 120000103466 0.00 Книги
Vip Innovations Ltd, Rousse, Bulgaria 2025